Design and manufacturing of a hermoelectric cooler (Record no. 322982)
[ view plain ]
| 000 -LEADER | |
|---|---|
| fixed length control field | 00350 a2200133 4500 |
| 001 - CONTROL NUMBER | |
| control field | 87909 |
| 082 ## - DEWEY DECIMAL CLASSIFICATION NUMBER | |
| Classification number | PR 260 |
| 090 ## - LOCALLY ASSIGNED LC-TYPE CALL NUMBER (OCLC); LOCAL CALL NUMBER (RLIN) | |
| -- | 41376 |
| -- | 41376 |
| 100 ## - MAIN ENTRY--PERSONAL NAME | |
| Personal name | Kamran Ahmed; Ahmad Aizaz Prof |
| 245 ## - TITLE STATEMENT | |
| Title | Design and manufacturing of a hermoelectric cooler |
| Number of part/section of a work | G-66 |
| 260 ## - PUBLICATION, DISTRIBUTION, ETC. | |
| Place of publication, distribution, etc. | Risalpur |
| Name of publisher, distributor, etc. | NUST |
| Date of publication, distribution, etc. | 2009 |
| 300 ## - PHYSICAL DESCRIPTION | |
| Extent | xv, 83 p. |
| 500 ## - GENERAL NOTE | |
| General note | BE project reports AE |
| 942 ## - ADDED ENTRY ELEMENTS (KOHA) | |
| Institution code [OBSOLETE] | CAE NUST |
| Call number prefix | PR 260 |
| Withdrawn status | Lost status | Damaged status | Not for loan | Collection code | Permanent Location | Current Location | Date acquired | Total Checkouts | Full call number | Barcode | Date last seen | Price effective from | Koha item type |
|---|---|---|---|---|---|---|---|---|---|---|---|---|---|
| College of Aeronautical Engineering (CAE) | College of Aeronautical Engineering (CAE) | 04/03/2017 | PR 260 | CAEPR-260 | 04/05/2017 | 04/05/2017 | Book |
